Konkurencieschopnosť verzus ekonomická výkonnosť štátov V4

Konkurencieschopnosť ekonomiky sa stala v medzinárodných vzťahoch dôležitou kategóriou súvisiacou s procesom zintenzívnenia medzinárodnej deľby práce, ktorý nadobudol nový rozmer v procese globalizácie. Otázky ako a akým spôsobom konkurencieschopnosť môže mať vplyv na podnikateľské prostredie krajín...

Descripción completa

Guardado en:
Detalles Bibliográficos
Autor principal: Ivanová, Eva
Otros Autores: Kordoš, Marcel
Formato: Capítulo de libro
Lenguaje:eslovaco
Materias:
Etiquetas: Agregar Etiqueta
Sin Etiquetas, Sea el primero en etiquetar este registro!

MARC

LEADER 00000naa a2200000 4500
001 0200363
005 20220321090113.7
041 0 |a slo 
044 |a SK 
245 1 0 |a Konkurencieschopnosť verzus ekonomická výkonnosť štátov V4  |c Eva Ivanová, Marcel Kordoš 
520 |a Konkurencieschopnosť ekonomiky sa stala v medzinárodných vzťahoch dôležitou kategóriou súvisiacou s procesom zintenzívnenia medzinárodnej deľby práce, ktorý nadobudol nový rozmer v procese globalizácie. Otázky ako a akým spôsobom konkurencieschopnosť môže mať vplyv na podnikateľské prostredie krajín V-4 z hľadiska ich ekonomickej výkonnosti, a to v rámci ich ďalšieho sociálneho a ekonomického rozvoja. Možnosti zabezpečenia udržateľného hospodárskeho rastu v ekonomikách štátov V-4, a tým zvýšenie konkurencieschopnosti EÚ v rámci trojice svetovej ekonomiky v medzinárodnom prostredí systému svetovej ekonomiky. 
610 2 0 |a Slovensko 
610 2 0 |a Vyšehradská štvorka 
610 2 0 |a prostredie ekonomické 
610 2 0 |a indexy 
610 2 0 |a konkurencieschopnosť 
610 2 0 |a výkonnosť ekonomiky 
610 2 0 |a rozvoj trvalo udržateľný 
100 1 |a Ivanová, Eva 
700 1 |a Kordoš, Marcel